Statistics for Regular Season Worst Records in the NFL - Super Bowl era

Click here to take the quiz!

General Stats

  • This quiz has been taken 46 times
  • The average score is 53 of 56

Answer Stats

HintAnswer% Correct
2018Arizona Cardinals
100%
1968Atlanta Falcons / Philadelphia Eagles
100%
1981Baltimore Colts / New England Patriots
100%
1974Baltimore Colts / New York Giants
100%
1969Chicago Bears / Pittsburgh Steelers
100%
2002Cincinnati Bengals
100%
1993Cincinnati Bengals
100%
2019Cincinnati Bengals
100%
2017Cleveland Browns
100%
2016Cleveland Browns
100%
1999Cleveland Browns
100%
2015Cleveland Browns / Tennessee Titans
100%
2008Detroit Lions
100%
1979Detroit Lions / San Francisco 49ers
100%
1983Houston Oilers / Tampa Bay Buccaneers
100%
1998Indianapolis Colts / Cincinnati Bengals / Philadelphia Eagles
100%
2011Indianapolis Colts / St. Louis Rams
100%
2021Jacksonville Jaguars
100%
2020Jacksonville Jaguars
100%
2012Jacksonville Jaguars / Kansas City Chiefs
100%
1992New England Patriots / Seattle Seahawks
100%
2003Oakland Raiders / San Diego Chargers / Arizona Cardinals / New York Giants
100%
2009St. Louis Rams
100%
1977Tampa Bay Buccaneers / Kansas City Chiefs
100%
2014Tampa Bay Buccaneers / Tennessee Titans
100%
1982Baltimore Colts
97%
1985Buffalo Bills / Tampa Bay Buccaneers
97%
2005Houston Texans
97%
2013Houston Texans
97%
1997Indianapolis Colts
97%
1991Indianapolis Colts
97%
1990New England Patriots
97%
1995New York Jets
97%
1996New York Jets
97%
2006Oakland Raiders
97%
1978San Francisco 49ers
97%
2004San Francisco 49ers
97%
1986Tampa Bay Buccaneers
97%
1976Tampa Bay Buccaneers
97%
2010Carolina Panthers
94%
2001Carolina Panthers
94%
1989Dallas Cowboys
94%
1988Dallas Cowboys
94%
2007Miami Dolphins
94%
1966New York Giants
94%
1975San Diego Chargers / New Orleans Saints
94%
2000San Diego Chargers
91%
1967Atlanta Falcons
89%
1987Atlanta Falcons
89%
1980New Orleans Saints
89%
1984Buffalo Bills
86%
1971Buffalo Bills
86%
1970Boston Patriots
83%
1973Houston Oilers
69%
1972Houston Oilers
69%
1994Houston Oilers
69%

Score Distribution

Percentile by Number Answered

Percent of People with Each Score

Your Score History

You have not taken this quiz